Statistics for Bible Testaments

Click here to take the quiz!

General Stats

  • This quiz has been taken 34 times
  • The average score is 29 of 66

Answer Stats

Answer% Correct
Genesis
96%
Exodus
92%
John
92%
Numbers
92%
Luke
88%
Mark
88%
Matthew
88%
Leviticus
85%
Ruth
85%
Deuteronomy
77%
Joshua
77%
Judges
73%
Acts
65%
Psalms
65%
Job
62%
Malachi
62%
Romans
54%
Amos
50%
Daniel
50%
Esther
50%
Ezekiel
50%
Proverbs
50%
Jeremiah
46%
Joel
46%
Jonah
46%
Jude
46%
Zechariah
46%
Ezra
42%
Isaiah
42%
Nahum
42%
Revelations
42%
Titus
42%
Ephesians
38%
Haggai
38%
Hebrews
38%
Hosea
38%
Micah
38%
Nehemiah
38%
Habakkuk
35%
James
35%
Lamentations
35%
Obadiah
35%
Philippians
35%
Colossians
31%
Galatians
31%
Philemon
27%
Zephaniah
27%
I Corinthians
23%
II Corinthians
23%
II Kings
23%
I Kings
23%
III John
19%
II John
19%
II Peter
19%
I John
19%
I Peter
19%
Ecclesiates
15%
II Samuel
15%
II Thessalonians
15%
II Timothy
15%
I Samuel
15%
I Thessalonians
15%
I Timothy
15%
Songs of Solomon
15%
I Chronicles
12%
II Chronicles
12%

Score Distribution

Percentile by Number Answered

Percent of People with Each Score

Your Score History

You have not taken this quiz